Responses for Show #7265 - Friday, March 25, 2016

WE ASKED: Actress Audra McDonald.

Contestants

[<< previous game]

Sam Gale, a test reader and evaluator from Kernersville, North Carolina

Doug Behrend, a college professor from Fayetteville, Arkansas

Sarah Thompson, an art history professor from Rochester, New York (whose 1-day cash winnings total $16,999)

[next game >>]

Jeopardy! Round responses

WORDS THAT SHOULD RHYME
PLAYTIME WITH SHAKESPEARE
SPOT THE CANADIAN
CONTAINERS
U.S. GEOGRAPHY
(Alex: A whole category on the brilliant...)
AUDRA McDONALD ON BROADWAY
    $200 15
shove & remove

Sam
    $200 1
The Merchant of Venice

Doug
    $200 16
Neil Young

Doug
    $200 25
a dumpster

Sam
    $200 2
Richmond

Triple Stumper
    $200 26
(Alex: George and Ira.)

the Gershwins

Doug
    $400 7
soprano & volcano

Doug
    $400 11
Measure for Measure

Doug
    $400 17
(Sarah: Who is Jason Segel?)

Seth Rogen

SarahSam
    $400 24
the horn

Sam
    $400 3
Missouri

Doug
    $400 27
Maria Callas

Sarah
    $600 8
banish & Danish

Doug
    $600 12
Henry V

Doug
    $600 18
Dino Ciccarelli

Doug
    $600 21
(Sarah: What is olive oil?)

wine

Sarah
Triple Stumper
    $600 4
the Sierra Nevada

Doug
    $600 28
(Alex: And by the way, that Lady Day at Emerson's Bar & Grill has been made into an HBO special, so look for it.)

Billie Holiday

Sarah
    $800 9
a boat & a Croat

Doug
    $800 13
As You Like It

Sam
    $800 19
(Alex: [*]. Once Prime Minister of Canada.)

Kim Campbell

Triple Stumper
    $2,200 22
(Doug: What is a... box?)
(Alex: No. That has three letters.)
(Doug: I tried to do two "X"s.)
(Alex: Oh. What is a [*]? As in a [*] bearer.)

pall

Doug
    $800 5
Pensacola

Doug
    $800 29
Carousel

Doug
    $1000 10
mature & nature

Sam
    $1000 14
Timon of Athens

Sam
    $1000 20
(Alex: All right, we're done with that category.)

John Kenneth Galbraith

Triple Stumper
    $1000 23
tureen

Sarah
    $1000 6
Yellowstone

Doug
    $1000 30
(Alex: And by the way, Audra McDonald won a Tony for each of those plays or musicals in which she appeared, and she won a sixth one as well.)

A Raisin in the Sun

Doug

Scores at the first commercial break (after clue 15):

Sarah Doug Sam
$0 $5,800 $3,000

Scores at the end of the Jeopardy! Round:

Sarah Doug Sam
$1,000 $6,400 $4,000

Double Jeopardy! Round responses

A CATEGORY FULL OF COR(E)YS
PHILOSOPHY
GANG GREEN
(Alex: Each correct response...)
STARTS WITH ONE LETTER, ENDS WITH THE NEXT
HALT!
WHO GOES THERE
(Alex: But the WHO in this case is WHO--the World Health Organization.)
    $400 1
Corazon Aquino

Doug
    $400 17
a philosopher-king

Sarah
    $400 3
the Green Giant

Sam
    $400 8
oversleep

Doug
    $400 13
Korean War

Doug
    $400 24
Ukraine

Sarah
    $800 2
DNA

Sam
    $800 18
pantheism

Triple Stumper
    $800 4
Yoda

Sam
    $800 9
grouch

Sam
    $800 14
Pullman

Doug
    $800 25
rabies

Sam
    $1200 22
Straight Outta Compton

Doug
    $1200 19
(Doug: Who was Kant?)

(Friedrich) Nietzsche

SarahDoug
    $1200 5
Bruce Banner

Doug
    $1200 10
ballistic

Triple Stumper
    $1200 15
the Yom Kippur War

Triple Stumper
    $1200 26
Central African Republic

Doug
    $1600 23
(Doug: Who is Corey Fuller?)
...
(Alex: Doug realizes, instead of Fuller, he should have said [*].)

Cory Booker

Doug
Triple Stumper
    $1600 20
(Doug: Who was Mill?)

(Jeremy) Bentham

SarahDoug
    $1600 6
the Green Hornet

Sarah
    $2,200 11
(Sam: What is a wok?)
(Alex: No, I thought you might go there, but that doesn't work, of course. What is [*]? Begins with an "H", ends with an "I".)

hibachi

Sam
    $1,600 16
(Doug: What is the Montgomery Boyce... the [*]?)
(Alex: Boyce Butscott?)
(Doug: Easy for me to say.)
(Alex: It doesn't matter how you say it, you're right.)

Montgomery Bus Boycott

Doug
    $1600 27
Mogadishu

Sam
    $2000 30
Richard Cory

Sarah
    $2000 21
(Albert) Camus

Sarah
    $2000 7
Jiminy Cricket

Sam
    $2000 12
Mandarin

Doug
    $2000 29
(Sarah: An embargo?)

the Continental System

Sarah
Triple Stumper
    $2000 28
(Doug: What are poppies?)
(Sam: What is rice?)
...
(Alex: What is [*]? [*]. We missed the obvious.)

tobacco

DougSam
Triple Stumper

Scores at the end of the Double Jeopardy! Round:

Sarah Doug Sam
$8,200 $9,200 $7,000

[wagering suggestions for these scores]

Final Jeopardy! Round responses

20th CENTURY INVENTIONS
(Alex: I figure this is going to be easy for you three.)
SamWhat is the atomic clock?
$2,900
SarahWhat is a nuclear an atomic clock
$6,000
DougWhat is an atomic clock?
$7,201
an atomic clock

Final scores:

Sarah Doug Sam
$14,200 $16,401 $9,900
2nd place: $2,000 New champion: $16,401 3rd place: $1,000

Game dynamics:

Coryat scores:

Sarah Doug Sam
$8,200 $11,400 $9,200
10 R,
3 W
24 R
(including 1 DD),
5 W
(including 1 DD)
14 R,
2 W
(including 1 DD)

Combined Coryat: $28,800

[game clues] [game scores] [suggest correction]

Game tape date: 2016-02-02
The J! Archive is created by fans, for fans. Scraping, republication, monetization, and malicious use prohibited; this site may use cookies and collect identifying information. See terms. The Jeopardy! game show and all elements thereof, including but not limited to copyright and trademark thereto, are the property of Jeopardy Productions, Inc. and are protected under law. This website is not affiliated with, sponsored by, or operated by Jeopardy Productions, Inc. Join the discussion at JBoard.tv.